000 00297nam a22001217a 4500
999 _c14015
_d14015
020 _a97801994040025
082 _a658
100 _aSadia Khan
245 _aThe Corporate Governance Landscape of Pakistan
260 _aPakistan
_bOxford University Press
_c2017
300 _a245 pages
942 _cBK